[Event "16. Copenhagen Open"]
[Site "Copenhagen"]
[Date "1994.??.??"]
[Round "2"]
[White "Jurgens, Peter"]
[Black "Holstein, Erik"]
[Result "1-0"]
[WhiteElo "2235"]
[BlackElo "2130"]
[PlyCount "101"]
[EventDate "1994.??.??"]
[EventType "swiss"]
[EventRounds "10"]
[EventCountry "DEN"]
[SourceDate "2004.01.01"]

1. d4 f5 2. e4 fxe4 3. Nc3 Nf6 4. Bg5 e6 5. Nxe4 Be7 6. Bxf6 Bxf6 7. Nf3 O-O 8.
Bd3 Nc6 9. c3 d5 10. Ng3 e5 11. dxe5 Nxe5 12. Nxe5 Bxe5 13. Qc2 h6 14. O-O-O
Qg5+ 15. Kb1 c6 16. Rhe1 Bxg3 17. hxg3 Bf5 18. Bxf5 Qxf5 19. Qxf5 Rxf5 20. f3
Kf7 21. c4 Re8 22. Rxe8 Kxe8 23. g4 Rg5 24. cxd5 cxd5 25. Rd2 Ke7 26. Kc2 Kd6
27. Kd3 Re5 28. Rc2 a6 29. Rc8 Re7 30. b4 Kd7 31. Rc5 Kd6 32. Rc8 Kd7 33. Rg8
Kc6 34. a4 a5 35. bxa5 Kc5 36. Ra8 Re1 37. Rc8+ Kb4 38. Rc7 Kxa5 39. Rxb7 Kxa4
40. Rxg7 Rd1+ 41. Ke2 Rg1 42. Kf2 Rc1 43. Rg6 d4 44. Rd6 Rc2+ 45. Kf1 Rd2 46.
Ke1 Rxg2 47. Rxd4+ Kb5 48. Kf1 Rh2 49. Kg1 Rh4 50. Kg2 Kc5 51. Rd1 1-0

[Event "16. Copenhagen Open"]
[Site "Copenhagen"]
[Date "1994.??.??"]
[Round "2"]
[White "Lyrberg, Patrik"]
[Black "Varberg, Kenneth"]
[Result "1-0"]
[WhiteElo "2415"]
[BlackElo "2260"]
[PlyCount "75"]
[EventDate "1994.??.??"]
[EventType "swiss"]
[EventRounds "10"]
[EventCountry "DEN"]
[SourceDate "2004.01.01"]

1. d4 d5 2. Bf4 c6 3. c3 g6 4. Nd2 f5 5. Ngf3 Nf6 6. e3 Bg7 7. Bd3 Nbd7 8. Ne5
O-O 9. Ndf3 e6 10. c4 Qe7 11. O-O Ne4 12. Nxd7 Bxd7 13. c5 g5 14. Be5 g4 15.
Bxe4 Bxe5 16. Nxe5 dxe4 17. f3 exf3 18. gxf3 gxf3 19. Qxf3 Kh8 20. Kh1 Rg8 21.
Rg1 Raf8 22. Rxg8+ Rxg8 23. Rg1 Rxg1+ 24. Kxg1 Be8 25. Qg3 Qg7 26. Qxg7+ Kxg7
27. Kf2 Kf6 28. Kg3 Kg5 29. Nc4 Bd7 30. b4 Kf6 31. Kf4 Be8 32. Nd6 Bh5 33. Nxb7
Be2 34. a4 Bd1 35. b5 cxb5 36. axb5 Bc2 37. b6 axb6 38. cxb6 1-0

[Event "16. Copenhagen Open"]
[Site "Copenhagen"]
[Date "1994.??.??"]
[Round "2"]
[White "Mortensen, Erling"]
[Black "Holst, Allan"]
[Result "1-0"]
[WhiteElo "2470"]
[BlackElo "2340"]
[PlyCount "101"]
[EventDate "1994.??.??"]
[EventType "swiss"]
[EventRounds "10"]
[EventCountry "DEN"]
[SourceDate "2004.01.01"]

1. e4 e5 2. Nf3 Nc6 3. Bb5 a6 4. Ba4 Nf6 5. O-O Be7 6. Qe2 b5 7. Bb3 O-O 8. c3
d5 9. d3 d4 10. cxd4 Nxd4 11. Nxd4 exd4 12. f4 Bb7 13. g4 c5 14. g5 Nxe4 15.
dxe4 c4 16. Bd1 Bc5 17. Qg2 b4 18. Bf3 c3 19. Kh1 Rc8 20. e5 Bxf3 21. Qxf3 d3
22. bxc3 bxc3 23. Nxc3 Bd4 24. Nd5 Bxa1 25. Ba3 Re8 26. Rxa1 d2 27. Rd1 Rc2 28.
Qd3 Qc8 29. Rxd2 Rxd2 30. Qxd2 Qc4 31. Kg2 Qe4+ 32. Kg3 Kh8 33. Nc3 Qc4 34. Ne2
Qe4 35. Nd4 h6 36. h4 Rc8 37. Bb2 Kh7 38. a3 Rc4 39. e6 fxe6 40. Nf3 Qd5 41.
Qxd5 exd5 42. f5 Rc2 43. g6+ Kg8 44. Be5 Re2 45. h5 Re3 46. a4 Ra3 47. f6 gxf6
48. Bxf6 Rxa4 49. Ne5 Ra3+ 50. Kf4 Ra4+ 51. Kf5 1-0

[Event "16. Copenhagen Open"]
[Site "Copenhagen"]
[Date "1994.??.??"]
[Round "2"]
[White "Molvig, Henrik"]
[Black "Gasseholm, Finn"]
[Result "1-0"]
[WhiteElo "2240"]
[BlackElo "2140"]
[PlyCount "41"]
[EventDate "1994.??.??"]
[EventType "swiss"]
[EventRounds "10"]
[EventCountry "DEN"]
[SourceDate "2004.01.01"]

1. e4 c5 2. Nf3 d6 3. d4 cxd4 4. Nxd4 Nf6 5. Nc3 g6 6. Be3 Bg7 7. f3 O-O 8. Qd2
Nc6 9. Bc4 Bd7 10. O-O-O Rc8 11. Bb3 Ne5 12. h4 Nc4 13. Bxc4 Rxc4 14. h5 Nxh5
15. g4 Nf6 16. Bh6 Bxh6 17. Rxh6 Qa5 18. Nb3 Qe5 19. Rdh1 Rfc8 20. f4 Qe6 21.
g5 1-0

[Event "16. Copenhagen Open"]
[Site "Copenhagen"]
[Date "1994.??.??"]
[Round "2"]
[White "Neverov, Valery"]
[Black "Fant, Goran"]
[Result "1-0"]
[WhiteElo "2530"]
[BlackElo "2010"]
[PlyCount "77"]
[EventDate "1994.??.??"]
[EventType "swiss"]
[EventRounds "10"]
[EventCountry "DEN"]
[SourceDate "2004.01.01"]

1. d4 e6 2. c4 Nf6 3. Nc3 Bb4 4. e3 c5 5. Nf3 Nc6 6. Be2 d6 7. Qc2 e5 8. O-O
O-O 9. dxe5 Bxc3 10. Qxc3 Ne4 11. Qc2 Bf5 12. Rd1 Nb4 13. Qb3 a5 14. a4 Ra6 15.
Bd2 Rb6 16. Bxb4 Rxb4 17. Qc2 Qb6 18. Rab1 dxe5 19. Bd3 Qa6 20. b3 Qc6 21. Nxe5
Qe6 22. Bxe4 Bxe4 23. Qxe4 f6 24. Qd5 Qxd5 25. Rxd5 fxe5 26. Rxc5 Rd8 27. g3 b6
28. Rxe5 Rd2 29. c5 b5 30. c6 bxa4 31. c7 Rc2 32. Re8+ Kf7 33. c8=Q Rxc8 34.
Rxc8 axb3 35. Ra8 a4 36. Kf1 Ke6 37. Ke2 Kd5 38. Kd3 b2 39. Kc2 1-0

[Event "16. Copenhagen Open"]
[Site "Copenhagen"]
[Date "1994.??.??"]
[Round "2"]
[White "Nilsson, Nils Specht"]
[Black "Jensen, Find"]
[Result "1-0"]
[WhiteElo "2260"]
[BlackElo "1970"]
[PlyCount "135"]
[EventDate "1994.??.??"]
[EventType "swiss"]
[EventRounds "10"]
[EventCountry "DEN"]
[SourceDate "2004.01.01"]

1. e4 d5 2. exd5 Qxd5 3. Nc3 Qa5 4. Nf3 Nf6 5. Bc4 Bf5 6. Qe2 e6 7. Nd4 Nbd7 8.
Nxf5 Qxf5 9. Nb5 O-O-O 10. Nxa7+ Kb8 11. Nb5 Qxc2 12. Nc3 Nc5 13. O-O Nd3 14.
Bb3 Nxc1 15. Raxc1 Qd3 16. Rfd1 Bb4 17. Qxd3 Rxd3 18. a3 Ba5 19. Bc2 Rd4 20. b4
Bb6 21. Ne2 Rd6 22. h3 Rhd8 23. d3 Rd5 24. Kf1 Rf5 25. d4 Rfd5 26. g4 h6 27.
Bb3 R5d6 28. f4 Bxd4 29. Nxd4 Rxd4 30. Ke2 Kc8 31. Rxd4 Rxd4 32. f5 Nd5 33.
fxe6 fxe6 34. Rf1 Nf4+ 35. Ke3 Rd3+ 36. Kxf4 Rxb3 37. Ke5 Re3+ 38. Kd4 Rxa3 39.
h4 Rb3 40. Kc4 Rh3 41. h5 b5+ 42. Kxb5 Rd3 43. Rf8+ Rd8 44. Rf7 Rd7 45. Rf8+
Rd8 46. Rf7 Rd7 47. Rf8+ Kb7 48. Rf1 Rd4 49. Ra1 Rd5+ 50. Ka4 Rg5 51. Kb3 Kc8
52. Re1 Kd7 53. Re4 c6 54. Kc4 Rd5 55. Kc3 e5 56. g5 hxg5 57. Rg4 Ke6 58. Rxg5
Kf7 59. Rf5+ Kg8 60. Rg5 Kh7 61. Rg6 c5 62. Kc4 Rd1 63. bxc5 e4 64. Re6 Rh1 65.
c6 Rxh5 66. c7 Rh1 67. Rc6 e3 68. c8=Q 1-0

[Event "16. Copenhagen Open"]
[Site "Copenhagen"]
[Date "1994.??.??"]
[Round "2"]
[White "Pedersen, Bjarne"]
[Black "Andersen, Martin"]
[Result "1/2-1/2"]
[WhiteElo "2250"]
[BlackElo "2030"]
[PlyCount "47"]
[EventDate "1994.??.??"]
[EventType "swiss"]
[EventRounds "10"]
[EventCountry "DEN"]
[SourceDate "2004.01.01"]

1. d4 f5 2. c4 e6 3. Nc3 Nf6 4. Bg5 h6 5. Bxf6 Qxf6 6. e3 Bb4 7. Qd2 b6 8. a3
Bxc3 9. Qxc3 Bb7 10. Nf3 d6 11. Be2 Nd7 12. O-O O-O 13. b4 Kh8 14. Rac1 e5 15.
dxe5 Nxe5 16. Nxe5 dxe5 17. c5 Bd5 18. Rfd1 Rad8 19. Bc4 Qe6 20. Bxd5 Rxd5 21.
Rxd5 Qxd5 22. cxb6 cxb6 23. g3 f4 24. exf4 1/2-1/2

[Event "16. Copenhagen Open"]
[Site "Copenhagen"]
[Date "1994.??.??"]
[Round "2"]
[White "Pioch, Thomas"]
[Black "Preuss, Flemming"]
[Result "1-0"]
[WhiteElo "2165"]
[BlackElo "2020"]
[PlyCount "73"]
[EventDate "1994.??.??"]
[EventType "swiss"]
[EventRounds "10"]
[EventCountry "DEN"]
[SourceDate "2004.01.01"]

1. e4 c5 2. Nf3 Nc6 3. d4 cxd4 4. Nxd4 Nf6 5. Nc3 e5 6. Ndb5 d6 7. Bg5 a6 8.
Na3 b5 9. Nd5 Be7 10. Bxf6 gxf6 11. c3 f5 12. Bd3 Be6 13. Nc2 Rb8 14. Ndb4 Nxb4
15. Nxb4 fxe4 16. Bxe4 O-O 17. Nc6 Qc7 18. Nxb8 Qxb8 19. Bd5 Bf5 20. Qf3 Bg6
21. h4 h6 22. Qg4 Kh8 23. O-O Qd8 24. a4 h5 25. Qe2 bxa4 26. Rxa4 Bxh4 27. Rxa6
Qe7 28. Rfa1 Bg5 29. Ra7 Qf6 30. Ra8 Rxa8 31. Rxa8+ Kh7 32. Qf3 Qxf3 33. gxf3
h4 34. b4 h3 35. b5 Bf4 36. b6 h2+ 37. Kg2 1-0

[Event "16. Copenhagen Open"]
[Site "Copenhagen"]
[Date "1994.??.??"]
[Round "2"]
[White "Schandorff, Lars"]
[Black "Furhoff, Johan"]
[Result "1-0"]
[WhiteElo "2430"]
[BlackElo "2320"]
[PlyCount "57"]
[EventDate "1994.??.??"]
[EventType "swiss"]
[EventRounds "10"]
[EventCountry "DEN"]
[SourceDate "2004.01.01"]

1. e4 e5 2. Nf3 Nc6 3. Bc4 Bc5 4. b4 Bxb4 5. c3 Bc5 6. d4 exd4 7. cxd4 Bb6 8.
O-O d6 9. Nc3 Bg4 10. Bb5 Kf8 11. Bxc6 bxc6 12. e5 Ne7 13. Ba3 Kg8 14. h3 Bh5
15. Re1 h6 16. Rc1 Bg6 17. Ne4 Nf5 18. exd6 cxd6 19. Rxc6 Rc8 20. Rxc8 Qxc8 21.
g4 d5 22. gxf5 Qxf5 23. Nh4 Qxh3 24. Nxg6 fxg6 25. Re3 Qh4 26. Ng3 Bxd4 27. Be7
Qf4 28. Ne2 Qg4+ 29. Rg3 1-0

[Event "16. Copenhagen Open"]
[Site "Copenhagen"]
[Date "1994.??.??"]
[Round "2"]
[White "Sinkbk, Aage"]
[Black "Nordenbaek, Jan"]
[Result "0-1"]
[WhiteElo "2220"]
[BlackElo "2160"]
[PlyCount "90"]
[EventDate "1994.??.??"]
[EventType "swiss"]
[EventRounds "10"]
[EventCountry "DEN"]
[SourceDate "2004.01.01"]

1. Nf3 Nf6 2. g3 c5 3. Bg2 Nc6 4. O-O e5 5. d3 d5 6. e4 dxe4 7. dxe4 Qxd1 8.
Rxd1 Bg4 9. Re1 Nd4 10. Nxd4 cxd4 11. f3 Be6 12. Bf1 Bc5 13. Bd3 O-O 14. b3 Nd7
15. Ba3 Rfc8 16. f4 f6 17. Kf2 Rc7 18. Ke2 Rac8 19. Bxc5 Nxc5 20. Na3 a6 21.
Kd2 b5 22. Rac1 Bf7 23. f5 Nd7 24. g4 Nb8 25. Nb1 Nc6 26. c3 dxc3+ 27. Rxc3 Nb4
28. Rxc7 Rxc7 29. Nc3 Rd7 30. Re3 Kf8 31. Ke2 Ke7 32. Bb1 h5 33. h3 Rd8 34. Rg3
hxg4 35. hxg4 Rh8 36. Rg2 Kd6 37. Kd2 Nc6 38. g5 Nd4 39. gxf6 gxf6 40. Bd3 Nf3+
41. Ke2 Rh3 42. b4 Bh5 43. Kf2 Ng5 44. Rg3 Rh2+ 45. Rg2 Nh3+ 0-1

[Event "16. Copenhagen Open"]
[Site "Copenhagen"]
[Date "1994.??.??"]
[Round "2"]
[White "Stefansson, Hannes"]
[Black "Harestad, Hans"]
[Result "1-0"]
[WhiteElo "2525"]
[BlackElo "1990"]
[PlyCount "81"]
[EventDate "1994.??.??"]
[EventType "swiss"]
[EventRounds "10"]
[EventCountry "DEN"]
[SourceDate "2004.01.01"]

1. e4 e6 2. d4 d5 3. Nc3 Bb4 4. e5 c5 5. a3 Bxc3+ 6. bxc3 Ne7 7. Nf3 Qa5 8. Bd2
Nbc6 9. a4 Bd7 10. Bb5 Qc7 11. O-O O-O 12. Bc1 Na5 13. Bd3 f5 14. exf6 gxf6 15.
Nh4 Rf7 16. Bh6 Nac6 17. Be2 Ng6 18. Bh5 Nce7 19. g3 Rc8 20. Qd3 Kh8 21. dxc5
Rg8 22. Ng2 e5 23. Be3 Bh3 24. f3 Rfg7 25. Bxg6 Rxg6 26. Bf2 Qd7 27. Rfd1 Rh6
28. Ne3 Be6 29. Qb5 Qc8 30. Rab1 Bf7 31. Qxb7 Qh3 32. Qxe7 e4 33. Ng4 exf3 34.
Ne3 Be6 35. Rb4 Qxh2+ 36. Kf1 Bh3+ 37. Ke1 Bc8 38. Rh4 Rxh4 39. Qxf6+ Rg7 40.
Qd8+ Rg8 41. Qxh4 1-0

[Event "16. Copenhagen Open"]
[Site "Copenhagen"]
[Date "1994.??.??"]
[Round "2"]
[White "Stripunsky, Alexander"]
[Black "Gretarsson, Helgi Ass"]
[Result "0-1"]
[WhiteElo "2510"]
[BlackElo "2390"]
[PlyCount "85"]
[EventDate "1994.??.??"]
[EventType "swiss"]
[EventRounds "10"]
[EventCountry "DEN"]
[SourceDate "2004.01.01"]

1. e4 e5 2. Nf3 Nc6 3. Bb5 a6 4. Ba4 Nf6 5. d3 d6 6. c3 g6 7. Nbd2 Bd7 8. Nf1
Bg7 9. h3 O-O 10. g4 d5 11. Ng3 dxe4 12. dxe4 Qe7 13. Bc2 Rfd8 14. Qe2 b5 15.
O-O Be6 16. Re1 Rd7 17. a4 Bc4 18. Qe3 Rad8 19. axb5 axb5 20. Ra6 Bd3 21. Bb3
Nb8 22. Ra8 c5 23. g5 Ne8 24. Bd5 Bc4 25. Bxc4 bxc4 26. Qe2 Rd3 27. Be3 Nc7 28.
Ra4 Ne6 29. Nf1 Nc6 30. N1h2 Qd7 31. Rea1 h5 32. gxh6 Bh8 33. Rxc4 Kh7 34. Kh1
f5 35. Rg1 f4 36. Bxc5 Na5 37. Rb4 Nxc5 38. Rb6 Nc6 39. Ng5+ Kg8 40. b4 Ne6 41.
Qa2 Rd6 42. b5 Qa7 43. Ra6 0-1

[Event "16. Copenhagen Open"]
[Site "Copenhagen"]
[Date "1994.??.??"]
[Round "2"]
[White "Sylvan, Jacob"]
[Black "Hansen, Henrik Michael"]
[Result "0-1"]
[WhiteElo "2185"]
[BlackElo "2060"]
[PlyCount "36"]
[EventDate "1994.??.??"]
[EventType "swiss"]
[EventRounds "10"]
[EventCountry "DEN"]
[SourceDate "2004.01.01"]

1. e4 e5 2. Nf3 d6 3. Nc3 Nf6 4. d4 Nbd7 5. Bc4 Be7 6. O-O O-O 7. Re1 c6 8. a4
Qc7 9. h3 b6 10. Be3 Bb7 11. Qe2 a6 12. d5 Nxe4 13. Nxe4 cxd5 14. Bxd5 Bxd5 15.
Nc3 Bb7 16. Rad1 Rac8 17. Rd2 f5 18. Bg5 Bxf3 0-1

[Event "16. Copenhagen Open"]
[Site "Copenhagen"]
[Date "1994.??.??"]
[Round "2"]
[White "Sobjerg, Erik"]
[Black "Jensen, Soren"]
[Result "1-0"]
[WhiteElo "2265"]
[BlackElo "1990"]
[PlyCount "39"]
[EventDate "1994.??.??"]
[EventType "swiss"]
[EventRounds "10"]
[EventCountry "DEN"]
[SourceDate "2004.01.01"]

1. e4 d6 2. Nc3 g6 3. d4 Nf6 4. Bg5 Bg7 5. Qd2 c6 6. f4 d5 7. e5 Ng8 8. Be2 Qa5
9. a3 Na6 10. Nf3 Bg4 11. O-O Nh6 12. h3 Bd7 13. Bxe7 Nf5 14. b4 Qc7 15. Bh4
Nxh4 16. Nxh4 O-O 17. f5 b5 18. f6 Bh8 19. Qh6 Rfc8 20. Nf3 1-0

[Event "16. Copenhagen Open"]
[Site "Copenhagen"]
[Date "1994.??.??"]
[Round "2"]
[White "Sorensen, Henrik"]
[Black "Mortensen, Henrik"]
[Result "1-0"]
[WhiteElo "2245"]
[BlackElo "2150"]
[PlyCount "43"]
[EventDate "1994.??.??"]
[EventType "swiss"]
[EventRounds "10"]
[EventCountry "DEN"]
[SourceDate "2004.01.01"]

1. d4 f5 2. Qd3 d5 3. g4 fxg4 4. h3 g3 5. fxg3 Nf6 6. Nc3 c6 7. e4 dxe4 8. Nxe4
Nxe4 9. Qxe4 Qa5+ 10. Bd2 Qd5 11. Bg2 Be6 12. Qe2 Qc4 13. Qe3 Bd5 14. Bxd5 Qxd5
15. Nf3 Nd7 16. b3 O-O-O 17. c4 Qd6 18. Ng5 e5 19. Nf7 Qxd4 20. Qxd4 exd4 21.
Nxh8 Ne5 22. O-O 1-0

[Event "16. Copenhagen Open"]
[Site "Copenhagen"]
[Date "1994.??.??"]
[Round "2"]
[White "Ward, Christopher"]
[Black "Ksieski, Zbigniew"]
[Result "1/2-1/2"]
[WhiteElo "2495"]
[BlackElo "2355"]
[PlyCount "101"]
[EventDate "1994.??.??"]
[EventType "swiss"]
[EventRounds "10"]
[EventCountry "DEN"]
[SourceDate "2004.01.01"]

1. d4 Nf6 2. c4 e6 3. Nc3 Bb4 4. g3 c5 5. Nf3 Bxc3+ 6. bxc3 Qa5 7. Qd3 Ne4 8.
Bg2 Qxc3+ 9. Qxc3 Nxc3 10. dxc5 f6 11. Nd4 Na6 12. Ba3 Na4 13. c6 bxc6 14. Nxe6
Kf7 15. Nf4 Rb8 16. Kd2 Nb4 17. Rhb1 a5 18. Bc1 Re8 19. Bf3 Nc5 20. a3 Nba6 21.
Rxb8 Nxb8 22. Rb1 Ba6 23. Nd3 Na4 24. Kc2 Bxc4 25. Bd2 Bb5 26. Bxa5 Na6 27. Bd2
Nc7 28. Rb4 c5 29. Rh4 Ne6 30. Bd5 Nb6 31. Bxe6+ Rxe6 32. Nf4 Ba4+ 33. Kc1 Re4
34. Nd3 Rxe2 35. Nxc5 Bc6 36. a4 Rxf2 37. a5 Rf5 38. axb6 Rxc5+ 39. Kb2 Rb5+
40. Rb4 Rxb4+ 41. Bxb4 Ke6 42. Kc3 Kd5 43. Kd3 d6 44. Bc3 Bb5+ 45. Ke3 Ba6 46.
h4 Bc8 47. Bb2 h6 48. h5 Kc6 49. Ba3 Kd5 50. Kf4 Ke6 51. Bb4 1/2-1/2

[Event "16. Copenhagen Open"]
[Site "Copenhagen"]
[Date "1994.??.??"]
[Round "3"]
[White "Antreasyan, Erol"]
[Black "Andersen, Ole Bo"]
[Result "1-0"]
[WhiteElo "1900"]
[BlackElo "2225"]
[PlyCount "79"]
[EventDate "1994.??.??"]
[EventType "swiss"]
[EventRounds "10"]
[EventCountry "DEN"]
[SourceDate "2004.01.01"]

1. d4 Nf6 2. c4 g6 3. Nc3 Bg7 4. e4 d6 5. Be2 O-O 6. Bg5 Na6 7. h4 c5 8. d5 Nc7
9. Qd2 e6 10. e5 dxe5 11. d6 Nce8 12. O-O-O Qd7 13. h5 b5 14. cxb5 Bb7 15. hxg6
fxg6 16. f3 a6 17. bxa6 Bxa6 18. Be3 c4 19. Nh3 Nh5 20. Ng5 Nef6 21. Rh4 Nf4
22. Bxf4 exf4 23. Rxf4 Nh5 24. Rh4 Rac8 25. Nge4 Be5 26. Qg5 Bf4+ 27. Rxf4 Nxf4
28. Nf6+ Rxf6 29. Qxf6 Nd3+ 30. Bxd3 cxd3 31. Re1 Bc4 32. Qf4 Bxa2 33. Kd2 Bc4
34. Qd4 Ba6 35. Ra1 Qb7 36. Ra2 Rd8 37. Ne4 Qc6 38. Qc3 Qb5 39. Nf6+ Kf7 40.
Qc7+ 1-0

[Event "16. Copenhagen Open"]
[Site "Copenhagen"]
[Date "1994.??.??"]
[Round "3"]
[White "Bjerring, Kai"]
[Black "Jurgens, Peter"]
[Result "0-1"]
[WhiteElo "2345"]
[BlackElo "2235"]
[PlyCount "80"]
[EventDate "1994.??.??"]
[EventType "swiss"]
[EventRounds "10"]
[EventCountry "DEN"]
[SourceDate "2004.01.01"]

1. e4 e5 2. Bc4 Bc5 3. Nf3 Nc6 4. d3 Nf6 5. Bg5 d6 6. c3 Bb6 7. Nbd2 Ne7 8. d4
Ng6 9. h4 h6 10. Be3 Bg4 11. Qb3 Qe7 12. O-O-O Rf8 13. Rde1 O-O-O 14. Ng1 Nh5
15. f3 Be6 16. Ne2 Bxc4 17. Nxc4 Qf6 18. g4 Nhf4 19. Nxf4 Nxf4 20. Qc2 Ne6 21.
Qf2 Nf4 22. Kc2 exd4 23. Nxb6+ axb6 24. Bxd4 Qg6 25. h5 Qh7 26. Be3 Ne6 27. c4
b5 28. cxb5 d5 29. Kb1 dxe4 30. Ka1 f5 31. fxe4 fxe4 32. Qc2 Rd6 33. Qa4 b6 34.
Rc1 Rfd8 35. Qa7 Kd7 36. a3 Ke8 37. Rhe1 g5 38. Qb7 Kf8 39. Rc4 Qf7 40. Qxe4
Rd1+ 0-1

[Event "16. Copenhagen Open"]
[Site "Copenhagen"]
[Date "1994.??.??"]
[Round "3"]
[White "Bogdanov, Dimitri"]
[Black "Nielsen, Soren Holst"]
[Result "1-0"]
[WhiteElo "2090"]
[BlackElo "2225"]
[PlyCount "73"]
[EventDate "1994.??.??"]
[EventType "swiss"]
[EventRounds "10"]
[EventCountry "DEN"]
[SourceDate "2004.01.01"]

1. e4 d5 2. exd5 Qxd5 3. Nc3 Qa5 4. Bc4 Nf6 5. d4 Nc6 6. Nge2 e5 7. d5 Nb4 8.
O-O Bf5 9. Bb3 O-O-O 10. Bg5 c6 11. Bxf6 gxf6 12. Ng3 Bg6 13. Qg4+ Kb8 14. dxc6
Nxc6 15. Qf3 Be7 16. Nf5 Bxf5 17. Qxf5 h5 18. Bxf7 Nd4 19. Qg6 f5 20. Qg7 Rhf8
21. Bd5 Qc7 22. Bb3 Bd6 23. Qh6 e4 24. h3 Qe7 25. Qe3 Qe5 26. f4 Qg7 27. Kh1
Bc5 28. Na4 Nxb3 29. Nxc5 Rd2 30. Rf2 Rxf2 31. Qxf2 Nxa1 32. Ne6 Qxb2 33. Nxf8
Qxc2 34. Qg3 a6 35. Nd7+ Kc7 36. Ne5 Qd1+ 37. Kh2 1-0

[Event "16. Copenhagen Open"]
[Site "Copenhagen"]
[Date "1994.??.??"]
[Round "3"]
[White "Bogdanovich, Grigory"]
[Black "Lyrberg, Patrik"]
[Result "1-0"]
[WhiteElo "2385"]
[BlackElo "2415"]
[PlyCount "59"]
[EventDate "1994.??.??"]
[EventType "swiss"]
[EventRounds "10"]
[EventCountry "DEN"]
[SourceDate "2004.01.01"]

1. d4 Nf6 2. c4 e6 3. Nc3 Bb4 4. f3 O-O 5. e4 d6 6. Nge2 c5 7. a3 Bxc3+ 8. Nxc3
Nc6 9. d5 Nd4 10. Ne2 Nxe2 11. Bxe2 e5 12. O-O h6 13. Bd2 Qc7 14. b4 b6 15. Rf2
Ne8 16. g4 Bd7 17. Bd3 Nf6 18. g5 Nh5 19. gxh6 g6 20. Qc1 f5 21. Bg5 Rf7 22.
Re2 f4 23. Qd1 Nf6 24. Qf1 Nh7 25. Qg2 Raf8 26. h4 Kh8 27. Rb2 Nf6 28. Bxf6+
Rxf6 29. Qg5 Ba4 30. b5 1-0

[Event "16. Copenhagen Open"]
[Site "Copenhagen"]
[Date "1994.??.??"]
[Round "3"]
[White "Borge, Nikolaj"]
[Black "Danielsen, Henrik"]
[Result "1-0"]
[WhiteElo "2400"]
[BlackElo "2480"]
[PlyCount "87"]
[EventDate "1994.??.??"]
[EventType "swiss"]
[EventRounds "10"]
[EventCountry "DEN"]
[SourceDate "2004.01.01"]

1. e4 c6 2. d4 d5 3. e5 Bf5 4. Nc3 e6 5. g4 Bg6 6. Nge2 c5 7. h4 h5 8. Nf4 Bh7
9. Nxh5 Nc6 10. dxc5 Nxe5 11. Bb5+ Nc6 12. Qd4 f6 13. Be3 Nge7 14. O-O-O e5 15.
Qa4 Bg8 16. f4 Qd7 17. fxe5 fxe5 18. Nxd5 Bxd5 19. c4 Qxg4 20. cxd5 Qxa4 21.
Bxa4 Rxh5 22. Bg5 O-O-O 23. dxc6 bxc6 24. Rhf1 Rxd1+ 25. Bxd1 Rh8 26. Rxf8+
Rxf8 27. Bxe7 Rf4 28. Be2 Kd7 29. Bg5 Rd4 30. Kc2 Ke6 31. Kc3 Kd7 32. Bf3 a5
33. b3 Rb4 34. h5 Rd4 35. a3 Kc7 36. Be7 Kd7 37. Bd6 Rh4 38. Kd3 e4+ 39. Bxe4
Rxh5 40. Ke3 Rh3+ 41. Bf3 Rh4 42. Be5 g6 43. Bf6 Rh3 44. a4 1-0

[Event "16. Copenhagen Open"]
[Site "Copenhagen"]
[Date "1994.??.??"]
[Round "3"]
[White "Brinck Claussen, Bjorn"]
[Black "Ward, Christopher"]
[Result "1/2-1/2"]
[WhiteElo "2350"]
[BlackElo "2495"]
[PlyCount "71"]
[EventDate "1994.??.??"]
[EventType "swiss"]
[EventRounds "10"]
[EventCountry "DEN"]
[SourceDate "2004.01.01"]

1. e4 c5 2. Nf3 d6 3. d4 cxd4 4. Nxd4 Nf6 5. Nc3 g6 6. Be3 Bg7 7. f3 Nc6 8. Qd2
O-O 9. Bc4 Bd7 10. h4 Ne5 11. Bb3 Qa5 12. O-O-O Rfc8 13. Kb1 b5 14. Ncxb5 Qd8
15. Bh6 Bh8 16. Nc3 Rab8 17. g4 a5 18. a4 Rb4 19. h5 Rcc4 20. hxg6 hxg6 21. Be3
Bg7 22. Nf5 gxf5 23. gxf5 Nxf3 24. Qg2 Nxe4 25. Nxe4 Bxf5 26. Bh6 Qf8 27. Rxd6
Rxc2 28. Qxg7+ Qxg7 29. Rd8+ Kh7 30. Bxg7+ Rh2 31. Rxh2+ Nxh2 32. Bc3 Rxb3 33.
Ka2 Rb7 34. Rh8+ Kg6 35. Rg8+ Kh7 36. Rh8+ 1/2-1/2

[Event "16. Copenhagen Open"]
[Site "Copenhagen"]
[Date "1994.??.??"]
[Round "3"]
[White "Furhoff, Johan"]
[Black "Nielsen, Lars Aaes"]
[Result "1-0"]
[WhiteElo "2320"]
[BlackElo "2220"]
[PlyCount "61"]
[EventDate "1994.??.??"]
[EventType "swiss"]
[EventRounds "10"]
[EventCountry "DEN"]
[SourceDate "2004.01.01"]

1. e4 e6 2. d4 d5 3. Nc3 Bb4 4. a3 Bxc3+ 5. bxc3 dxe4 6. Qg4 Nf6 7. Qxg7 Rg8 8.
Qh6 Nbd7 9. Ne2 b6 10. Ng3 Rg6 11. Qd2 Bb7 12. Bb2 Qe7 13. a4 e5 14. Nf5 Qe6
15. Ne3 Rd8 16. Bc4 Bd5 17. Nxd5 Nxd5 18. O-O-O N7f6 19. dxe5 e3 20. fxe3 Ne4
21. Bxd5 Nxd2 22. Bxe6 Rxg2 23. Bh3 Re2 24. e6 fxe6 25. Bxe6 Ke7 26. Bg4 Rg2
27. Bh3 Re2 28. c4 Rd6 29. Be5 Rh6 30. Bg4 Rxe3 31. Bf4 1-0

[Event "16. Copenhagen Open"]
[Site "Copenhagen"]
[Date "1994.??.??"]
[Round "3"]
[White "Gasseholm, Finn"]
[Black "Costello, Colin"]
[Result "1/2-1/2"]
[WhiteElo "2140"]
[BlackElo "2160"]
[PlyCount "161"]
[EventDate "1994.??.??"]
[EventType "swiss"]
[EventRounds "10"]
[EventCountry "DEN"]
[SourceDate "2004.01.01"]

1. Nf3 Nf6 2. g3 d5 3. Bg2 c5 4. O-O Nc6 5. d3 e6 6. b3 Be7 7. Bb2 O-O 8. Nbd2
b6 9. c4 Bb7 10. e3 Qc7 11. Rc1 Nb4 12. Be5 Qd7 13. Qe2 Nxa2 14. Ra1 Nb4 15. d4
Nc6 16. Bf4 Ne4 17. dxc5 bxc5 18. Nxe4 dxe4 19. Rfd1 exf3 20. Rxd7 fxe2 21.
Rxb7 Rfd8 22. Bf3 Bf6 23. Re1 e5 24. Rxe2 Nb4 25. Rc7 Rac8 26. Rxa7 exf4 27.
gxf4 Rd3 28. Bg4 Rcd8 29. Rc7 Rd1+ 30. Kg2 Nd3 31. Ra2 Ra1 32. Rxa1 Bxa1 33.
Bf5 g6 34. Be4 f5 35. Bd5+ Kh8 36. Kf3 Bg7 37. Rb7 Nb4 38. Be6 Bf8 39. Bd7 Bd6
40. h4 Rb8 41. Ra7 Nc2 42. Bb5 Ne1+ 43. Kg3 Rc8 44. Rd7 Bf8 45. h5 Bg7 46. hxg6
hxg6 47. Rd6 Kh7 48. Re6 Rf8 49. Rc6 Nd3 50. Rd6 Nc1 51. Ba4 Rb8 52. Re6 Nxb3
53. Be8 Bf6 54. Ba4 Kg7 55. Rc6 Nd2 56. Rc7+ Kh6 57. Bc2 Rb2 58. Bd3 Rb3 59.
Rd7 Rxd3 60. Rxd3 Nxc4 61. Rd5 Be7 62. Rd7 Bf8 63. Kf3 Nb2 64. Ke2 Bg7 65. f3
c4 66. Rc7 c3 67. e4 Bd4 68. e5 g5 69. Rd7 c2 70. Kd2 Nc4+ 71. Kxc2 Bxe5 72.
fxe5 Nxe5 73. Rd6+ Kh5 74. f4 gxf4 75. Kd2 Kg4 76. Re6 Nf3+ 77. Kd3 Ng5 78. Rf6
f3 79. Ke3 f2 80. Rxf5 Kxf5 81. Kxf2 1/2-1/2

[Event "16. Copenhagen Open"]
[Site "Copenhagen"]
[Date "1994.??.??"]
[Round "3"]
[White "Gretarsson, Helgi Ass"]
[Black "Molvig, Henrik"]
[Result "1/2-1/2"]
[WhiteElo "2390"]
[BlackElo "2240"]
[PlyCount "64"]
[EventDate "1994.??.??"]
[EventType "swiss"]
[EventRounds "10"]
[EventCountry "DEN"]
[SourceDate "2004.01.01"]

1. d4 Nf6 2. c4 g6 3. Nc3 Bg7 4. e4 d6 5. f4 O-O 6. Nf3 c5 7. dxc5 Qa5 8. Bd3
Qxc5 9. Qe2 Bg4 10. Be3 Qc7 11. O-O Nbd7 12. Rac1 e5 13. f5 gxf5 14. exf5 Rae8
15. Ne4 Qc6 16. Bg5 d5 17. cxd5 Qxd5 18. h3 Bxf3 19. Qxf3 Qd4+ 20. Kh1 Rc8 21.
Rcd1 Qxb2 22. Qg3 Kh8 23. Qh4 Rc6 24. a4 a6 25. Bb1 Qe2 26. Rfe1 Qc4 27. Nxf6
Qxh4 28. Bxh4 Nxf6 29. Rxe5 Rc4 30. Bxf6 Bxf6 31. Re4 Rfc8 32. Bd3 Rc1 1/2-1/2